000 00611nam a2200205 a 4500
001 12299
003 CO-ViMGA
008 141112s2004 ck r 000 u spa d
040 _aCO-ViMGA
_bspa
_cCO-ViMGA
082 0 4 _a750.118 G65i
100 1 _aGomez de la Serna, Ramón
_917541
245 1 0 _aIsmos
260 _aMadrid :
_bGuadarrama,
_c1975
300 _a386p. : il.
590 _aForma de adquisición : DONACION - - Proveedor : DR RAFAEL SALAMANCA - - Fecha de adquisición : 31 - 01 - 2001
650 1 4 _aCRITICA DE ARTES
_917542
650 1 4 _aPINTURA
650 1 4 _aVALORACION
_917543
942 _2ddc
_cBK
999 _c23311
_d23311